Statistics for Nascar champs 2022-2007

Click here to take the quiz!

General Stats

  • This quiz has been taken 27 times
  • The average score is 14 of 15

Answer Stats

QuestionAnswer% Correct
2020 champion is...Chase Elliot
100%
2016 champion is...Jimmie Johnson
100%
2022 champion is...Joey Logano
100%
2021 champion is...Kyle Larson
100%
2012 champion is...Brad Keselowski
94%
2010 champion is..Jimmie Johnson
94%
2014 champion is...Kevin Harvick
94%
2019 champion is...Kyle Busch
94%
2013 champion is...Jimmie Johnson
88%
2008 champion is...Jimmie Johnson
88%
2017 champion is...Martin Truex jr
88%
2011 champion is...Tony Stewart
88%
2009 champion is...Jimmie Johnson
81%
2018 champion is...Joey Logano
81%
2015 champion is...Kyle Busch
81%

Score Distribution

Percentile by Number Answered

Percent of People with Each Score

Your Score History

You have not taken this quiz